<?xml version="1.0" encoding="UTF-8"?>
<record
    xmlns:xsi="http://www.w3.org/2001/XMLSchema-instance"
    xsi:schemaLocation="http://www.loc.gov/MARC21/slim http://www.loc.gov/standards/marcxml/schema/MARC21slim.xsd"
    xmlns="http://www.loc.gov/MARC21/slim">

  <leader>01982    a2200205   4500</leader>
  <controlfield tag="001">50186</controlfield>
  <controlfield tag="005">20260407155802.0</controlfield>
  <controlfield tag="008">260407a1961    arg                 spa d</controlfield>
  <controlfield tag="003">AR-UNSa-BCEJYS</controlfield>
  <datafield tag="040" ind1=" " ind2=" ">
    <subfield code="a">AR-UNSa-BCEJYS</subfield>
    <subfield code="b">spa</subfield>
    <subfield code="c">AR-UNSa-BCEJYS</subfield>
  </datafield>
  <datafield tag="080" ind1=" " ind2=" ">
    <subfield code="a">330.1</subfield>
    <subfield code="x">Ciencia econ&#xF3;mica. Conceptos fundamentales de teor&#xED;a econ&#xF3;mica. Valor. Capital. Fondos</subfield>
  </datafield>
  <datafield tag="245" ind1="1" ind2="0">
    <subfield code="a">Lecciones sobre principios de econom&#xED;a</subfield>
  </datafield>
  <datafield tag="264" ind1=" " ind2="1">
    <subfield code="a">Madrid :</subfield>
    <subfield code="b">Tecnos</subfield>
    <subfield code="c">1961</subfield>
  </datafield>
  <datafield tag="300" ind1=" " ind2=" ">
    <subfield code="a">371 p.</subfield>
    <subfield code="c">23 cm.</subfield>
  </datafield>
  <datafield tag="505" ind1=" " ind2=" ">
    <subfield code="a">Primera Parte: 1. &#xBF;Qu&#xE9; es la econom&#xED;a? - 2. Una ayuda de los libros de cuentos - 3. La renta nacional - 4. Introducci&#xF3;n a la teor&#xED;a de valor - 5. Demanda y utilidad - 6. Demanda y utilidad: algunas dificultades - 7. Demanda, oferta y valor competitivos - 8. Los factores de producci&#xF3;n y su combinaci&#xF3;n - 9. Costes crecientes y decrecientes - 10. Monopolio - 11. La competencia monopol&#xED;stica - 12. El periodo corto - 13. Oferta conjunta y discriminaci&#xF3;n de precios - 14. Algunos defectos de la libertad econ&#xF3;mica  -- Segunda Parte: 1. De nuevo la teor&#xED;a del valor - 2. La teor&#xED;a b&#xE1;sica de la distribuci&#xF3;n - 3. La renta de la tierra - 4. El inter&#xE9;s del capital: la demanda - 5. El inter&#xE9;s del capital: la oferta - 6. Capital e inter&#xE9;s: la intervenci&#xF3;n estatal - 7. Los beneficios de la empresa - 8. La demanda de trabajo - 9. La demanda de trabajo: algunas complicaciones - 10. La oferta de trabajo: la poblaci&#xF3;n - 11. La oferta de trabajo: horas, eficiencia y destreza - 12. C&#xF3;mo funciona todo ello  -- Tercera Parte: 1. El dinero en una sociedad estable - 2. El significado del equilibrio monetario - 3. Banca y equilibrio monetario - 4. La tesis del estancamiento - 5. De nuevo, el tipo de inter&#xE9;s - 6. El ciclo econ&#xF3;mico: modelos e instrumentos - 7. El ciclo econ&#xF3;mico: pol&#xED;tica general - 8. El ciclo econ&#xF3;mico: pol&#xED;tica de salarios.  </subfield>
  </datafield>
  <datafield tag="041" ind1=" " ind2=" ">
    <subfield code="a">spa</subfield>
  </datafield>
  <datafield tag="942" ind1=" " ind2=" ">
    <subfield code="c">BK</subfield>
  </datafield>
  <datafield tag="590" ind1=" " ind2=" ">
    <subfield code="a">niveau_biblio:m niveau_hierar:0</subfield>
  </datafield>
  <datafield tag="100" ind1="1" ind2=" ">
    <subfield code="a">Robertson, Dennis Holme Sir</subfield>
  </datafield>
  <datafield tag="999" ind1=" " ind2=" ">
    <subfield code="c">4981</subfield>
    <subfield code="d">4981</subfield>
  </datafield>
  <datafield tag="952" ind1=" " ind2=" ">
    <subfield code="0">0</subfield>
    <subfield code="1">0</subfield>
    <subfield code="4">0</subfield>
    <subfield code="7">0</subfield>
    <subfield code="a">BCEJYS</subfield>
    <subfield code="b">BCEJYS</subfield>
    <subfield code="c">16</subfield>
    <subfield code="d">2026-04-07</subfield>
    <subfield code="l">0</subfield>
    <subfield code="o">330.1 R638</subfield>
    <subfield code="p">L22506</subfield>
    <subfield code="r">2026-04-07 15:58:02</subfield>
    <subfield code="w">2026-04-07</subfield>
    <subfield code="y">L</subfield>
  </datafield>
  <datafield tag="952" ind1=" " ind2=" ">
    <subfield code="0">0</subfield>
    <subfield code="1">0</subfield>
    <subfield code="4">0</subfield>
    <subfield code="7">0</subfield>
    <subfield code="a">BCEJYS</subfield>
    <subfield code="b">BCEJYS</subfield>
    <subfield code="c">16</subfield>
    <subfield code="d">2026-04-07</subfield>
    <subfield code="l">0</subfield>
    <subfield code="o">330.1 R638</subfield>
    <subfield code="p">L21107</subfield>
    <subfield code="r">2026-04-07 15:58:02</subfield>
    <subfield code="w">2026-04-07</subfield>
    <subfield code="y">L</subfield>
  </datafield>
  <datafield tag="952" ind1=" " ind2=" ">
    <subfield code="0">0</subfield>
    <subfield code="1">0</subfield>
    <subfield code="4">0</subfield>
    <subfield code="7">0</subfield>
    <subfield code="a">BCEJYS</subfield>
    <subfield code="b">BCEJYS</subfield>
    <subfield code="c">16</subfield>
    <subfield code="d">2026-04-07</subfield>
    <subfield code="l">0</subfield>
    <subfield code="o">330.1 R638</subfield>
    <subfield code="p">L21195</subfield>
    <subfield code="r">2026-04-07 15:58:02</subfield>
    <subfield code="w">2026-04-07</subfield>
    <subfield code="y">L</subfield>
  </datafield>
</record>
